El cántaro roto ; El terremoto en Chile ; La marquesa de O-- /
Gardado en:
| Autor Principal: | |
|---|---|
| Outros autores: | |
| Formato: | Electrónico eBook |
| Idioma: | Lingua castelá alemán |
| Publicado: |
Tres Cantos, Madrid, España :
Akal,
[2006]
|
| Series: | Akal bolsillo. Serie Clásicos de la literatura alemana ;
130. |
| Subjects: | |
| Acceso en liña: | Digitalia Hispánica |
| Tags: |
Engadir etiqueta
Sen Etiquetas, Sexa o primeiro en etiquetar este rexistro!
|
MARC
| LEADER | 00000nam a2200000 i 4500 | ||
|---|---|---|---|
| 001 | DIGAKAL0673 | ||
| 003 | NyNyDIG | ||
| 007 | cr ||||||||||| | ||
| 008 | 220615s2006 sp o 000 1 spa d | ||
| 006 | m o d | ||
| 035 | |a (OCoLC)1283843700 | ||
| 040 | |a DGITA |b eng |e rda |e pn |c DGITA | ||
| 020 | |a 9788446050025 |q eBook | ||
| 020 | |z 9788446024040 | ||
| 041 | 1 | |a spa |h ger | |
| 050 | 1 | 4 | |a PT2318.S8 ebook |
| 082 | 1 | 4 | |a 830.8 |
| 100 | 1 | |a Kleist, Heinrich von, |d 1777-1811, |e author. | |
| 245 | 1 | 3 | |a El cántaro roto ; |b El terremoto en Chile ; La marquesa de O-- / |c Heinrich von Kleist ; traducción, Emilio J. González García. |
| 264 | 1 | |a Tres Cantos, Madrid, España : |b Akal, |c [2006] | |
| 300 | |a 1 online resource. | ||
| 336 | |a text |b txt |2 rdacontent | ||
| 337 | |a computer |b c |2 rdamedia | ||
| 338 | |a online resource |b cr |2 rdacarrier | ||
| 347 | |a text file |2 rdaft | ||
| 347 | |b EPUB | ||
| 490 | 1 | |a Akal básica de bolsillo ; |v 130. |a Clásicos de la literatura alemana | |
| 588 | 0 | |a Online resource; title from ePub title page (Digitalia, viewed June 15, 2022) | |
| 655 | 7 | |a Fiction. |2 lcgft | |
| 655 | 0 | |a Electronic books. | |
| 700 | 1 | |a González García, Emilio J., |e translator. | |
| 700 | 1 | 2 | |i Container of (expression): |a Kleist, Heinrich von, |d 1777-1811. |t Zerbrochene Krug. |l Spanish |s (González García) |
| 700 | 1 | 2 | |i Container of (expression): |a Kleist, Heinrich von, |d 1777-1811. |t Erdbeben in Chili. |l Spanish |s (González García) |
| 700 | 1 | 2 | |i Container of (expression): |a Kleist, Heinrich von, |d 1777-1811. |t Marquise von O--. |l Spanish |s (González García) |
| 740 | 0 | 2 | |a Cántaro roto. |
| 740 | 0 | 2 | |a Terremoto en Chile. |
| 740 | 0 | 2 | |a Marquesa de O--. |
| 791 | 2 | |a Digitalia (Firm), |e distributor. | |
| 793 | 0 | |g Digitalia eBook Collection: |a Akal | |
| 776 | 0 | 8 | |i Print version: |a Kleist, Heinrich von, 1777-1811. |t Cántaro roto. |d Tres Cantos, Madrid, España : Akal, [2006] |z 9788446024040 |
| 830 | 0 | |a Akal bolsillo. |p Serie Clásicos de la literatura alemana ; |v 130. | |
| 856 | 4 | 0 | |3 Digitalia Hispánica |u https://digitalia.unach.elogim.com/a/70696/ |
| 910 | |a Premium collection: 2022 | ||